| 000 | 00692nam a2200181Ia 4500 | ||
|---|---|---|---|
| 008 | 090630s9999 xx 000 0 und d | ||
| 082 | _b26836 | ||
| 100 | _aझांबरे स. ध. | ||
| 245 |
_aसाकेत शालेय मराठी शब्दकोश. _cझांबरे स. ध. |
||
| 260 |
_bसाकेत - औरंगाबाद. _c2001 |
||
| 300 | _a377 | ||
| 600 | _aझांबरे स. ध. | ||
| 630 | _aसाकेत शालेय मराठी शब्दकोश. | ||
| 655 | _aइतर. | ||
| 700 | _aझांबरे स. ध. | ||
| 730 | _aसाकेत शालेय मराठी शब्दकोश. | ||
| 942 | _cBOOK | ||
| 999 |
_c278692 _d278692 |
||